000 00325nam a22001337a 4500
008 171101b xxu||||| |||| 00| 0 eng d
020 _a9781412901253
041 _aeng
080 _24TH
_a339
100 _a59
101 _aTRE
245 _aINTERNATIONAL AND COMPARATIVE EMPLOYMENT RELATIONS
_cBAMBER,G.J
942 _2udc
_cBK
999 _c37035
_d37035